000 00435nam a2200193Ia 4500
005 20250603145557.0
008 250603s9999 xx 000 0 und d
020 _a9780495082477
050 _aTA 775 .D37/
100 _aDas, Braja M.
245 0 _aPrinciples of foundation engineering
250 _a6th ed.
260 _aCanada
260 _bThomson
260 _c2007
300 _a445 p
650 _aCanada
942 _cBK
999 _c42253
_d42253